000 00446nam a2200169Ia 4500
008 180921t1983 xxu||||| |||| 00| 0 sin d
041 _asin
080 _a
_b
245 _aස්වෙචිඡා සේවක අත් පොත
246 _aSvechchaa sevaka ath potha
260 _b
_c1983
300 _a65p., 22 cm
650 _aFamily planning
_aGuide book
942 _cBK
999 _c17811
_d17811
003 LK-CoDNM
040 _aLK-CoDNM
_dLK-CoDNM
_eLK-CoDNM